Brüggemann, Karsten. Die Gründung der Republik Estland und das Ende des "Einen und unteilbaren Rußland". - Wiesbaden : Harrassowitz. - 2002 [Rezension]
| Titel: | Brüggemann, Karsten. Die Gründung der Republik Estland und das Ende des "Einen und unteilbaren Rußland". - Wiesbaden : Harrassowitz. - 2002 [Rezension] |
|---|---|
| Verfasser: | |
| In: |
Jahrbuch des baltischen Deutschtums, Band 51 (2003), Seite 219-221 alle Artikel anzeigen |
| Veröffentlicht: | 2003 [2004] |
| Format: | Aufsatz |
| Sprache: | Deutsch |
X
alg: 39508870 001A $01999:12-11-16 001B $01999:04-08-21 $t21:04:24.000 001D $01999:12-11-16 001U $0utf8 001X $00 002@ $0Aox 003@ $0395088704 007A $0395088704 $aHEB 007T $0Herdc0037461m 010@ $ager 011@ $a2003 $n2003 [2004] 021A $aBrüggemann, Karsten. Die @Gründung der Republik Estland und das Ende des "Einen und unteilbaren Rußland". - Wiesbaden : Harrassowitz. - 2002 [Rezension] 028A $#Garlef, Michael $#Garlefs, Mihaels $7123280079 $8Garleff, Michael$Z1940- [Tp1] $9134716108 031A $d51 $h219-221 $j2003 039B $aIn $8--Abvc--. Jahrbuch des baltischen Deutschtums. - Lüneburg : Carl-Schirren-Ges., 1927-2012. - ISSN 0075-2436 $x200300000510000781 $9047351179 039T $8--Aau--Brüggemann, Karsten$Z1965- [Tp3]. Die @Gründung der Republik Estland und das Ende des "Einen und unteilbaren Rußland". - Wiesbaden : Harrassowitz, 2002. - 514 S.. - Kt.. - ISBN 3-447-04481-0 $9104167017 045F $a900.94798 $eDDC23BSB 045F/01 $a900 045F/03 $g4798 045T $a7,41 $a7,44 045T $aGER $qDE-30 $2FID lok: 39508870 78 exp: 39508870 78 1 #EPN 201B/01 $018-11-16 $t13:42:46.000 201U/01 $0utf8 203@/01 $0791387348 208@/01 $a12-11-16 $be 209A/01 $a/ $f000 $x00 220C/01 $aTitelaufnehmer: kk 220C/01 $aHerkunft: HI Marburg 244Z/01 $2Trx $#Estija $#Igaunija $#Estland $#Estonia $#Estonia $#Estónsko $#Estonsko $8--Trx--Eesti $x01 $9391237225 244Z/01 $2Trx $#arvustused $#recenzijos $#Reviews $#recenziók $#recenzje $#recenzie $#recenze $8--Trx--Rezensionen $x02 $9391357441 247C/01 $82080>Marburg/Lahn, Herder-Institut, Forschungsbibliothek, Bibliographieportal $9336309341
| LEADER | 00000caa a22000002c 4500 | ||
|---|---|---|---|
| 001 | 395088704 | ||
| 003 | DE-603 | ||
| 005 | 20210804210424.0 | ||
| 007 | tu | ||
| 008 | 161112s2003 xx |||| | u00||u|ger c | ||
| 035 | |a (DE-599)HEB395088704 | ||
| 040 | |a DE-603 |b ger |c DE-603 |d DE-603 | ||
| 041 | |a ger | ||
| 082 | 0 | 4 | |8 1\u |a 900.94798 |q DE-101 |2 23/BSB |
| 084 | |a 7,41 |a 7,44 |2 ssgn | ||
| 084 | |a GER |q DE-30 |2 fid | ||
| 085 | |8 1\u |b 900 | ||
| 085 | |8 1\u |z 2 |s 4798 | ||
| 100 | 1 | |a Garleff, Michael |d 1940- |0 (DE-603)134716108 |0 (DE-588)123280079 |2 gnd | |
| 245 | 0 | 0 | |a Brüggemann, Karsten. Die Gründung der Republik Estland und das Ende des "Einen und unteilbaren Rußland". - Wiesbaden : Harrassowitz. - 2002 [Rezension] |
| 264 | 0 | |c 2003 [2004] | |
| 773 | 0 | 8 | |i In |t Jahrbuch des baltischen Deutschtums |d Lüneburg : Carl-Schirren-Ges., 1927-2012 |x 0075-2436 |g Band 51 (2003), Seite 219-221 |w (DE-603)047351179 |w (DE-600)217235-5 |
| 787 | 0 | 8 | |i Rezension von |a Brüggemann, Karsten, 1965- |t Die Gründung der Republik Estland und das Ende des "Einen und unteilbaren Rußland" |d Wiesbaden : Harrassowitz, 2002 |h 514 S., Kt. |z 3447044810 |w (DE-603)104167017 |
| 924 | 0 | |9 2080 |a (DE-603)791387348 |b DE-2080 |c HES |d d |g / | |


